000
00225 a2200097 4500
001
43486
100
_a
Shakespeare
245
_a
Taming of the Shrew
260
_a
London
_b
Cambridge University Press
_c
090
_c
27303
_d
27303
942
_a
NUST-CAE
_c
M
_c
19229
999
_c
278559
_d
278559